000 00934cab a22002175a 4500
001 L156244
008 120509e20120505xxk 000 0 eng d
035 _a(Sirsi) u156244
041 0 _aeng
100 1 _aDensham, Will
245 0 0 _aMy house is your house
260 _c2012
490 _aEstates Gazette
_v(1218) 5 May 2012, 94-96(3)
520 _aWith reference to "Sun Street Property Ltd v Persons Unknown" [2011] EWHC 3432, outlines procedure for evicting trespasses from commercial premises set out in the Civil Procedure Rules Part 55. The Legal Aid, Sentencing and Punishment of Offenders Act 2012 which has made squatting in residential property a criminal offence has not been extended to commercial property.
590 _aKA
650 2 4 _aLEGAL AID, SENTENCING AND PUNISHMENT OF OFFENDERS ACT 2012
651 4 _aUnited Kingdom
690 _aCommercial property
_96227
700 1 _aLidstone, Kim
942 _n0
999 _c83974
_d83974